000 00980cam a22002413a 4500
001 15737
003 PGUSA
005 20140828083333.0
008 050430s2005||||xxu|||||s|||||000 1 eng d
040 _aPGUSA
_beng
042 _adc
050 4 _aPR
100 1 _aPhillpotts, Eden,
_d1862-1960
245 1 4 _aThe Torch and Other Tales
_h[electronic resource] /
_cEden Phillpotts
260 _bProject Gutenberg,
_c2005
505 0 _a'Santa Claus' -- The returned native -- John and Jane -- The old soldier -- When Fox was ferryman -- Mother's misfortune -- Steadfast Samuel -- The hound's pool -- The price of Milly Bassett -- The amber heart -- The wise woman of Walna -- The torch -- 'Spider' -- The woodstock -- The night-hawk.
506 _aPublic domain in the USA.
516 _aElectronic text
653 _aGreat Britain -- Social life and customs -- Fiction
830 0 _aProject Gutenberg
_v15737
856 4 0 _uhttp://www.gutenberg.org/ebooks/15737
942 _cEB
999 _c244992
_d244992